000 00396nam a22001457a 4500
003 OSt
005 20251113095515.0
008 251113b |||||||| |||| 00| 0 eng d
020 _a0791076512
040 _cChelsea House Publishers
050 _aF 1788.22 .C69 2003
245 _aMAJOR WORLD LEADERS
_bFIDEL CASTRO
_cCOX, VICKI
260 _aUSA
_bCHELSEA HOUSE PUBLISHERS
_c2003
942 _2ddc
_cBK
_n0
999 _c9788
_d9788